[Event "Sundsvall op"]
[Site "Sundsvall"]
[Date "2020.01.06"]
[Round "7"]
[White "Grishchenko, Sergey"]
[Black "Olsson, Peter"]
[Result "1-0"]
[WhiteElo "2404"]
[BlackElo "2171"]
[PlyCount "115"]
[EventDate "2020.01.04"]
[EventType "swiss"]
[EventRounds "8"]
[EventCountry "SWE"]
[SourceTitle "CBM 194 Extra"]
[Source "ChessBase"]
[SourceDate "2020.03.31"]
[SourceVersion "1"]
[SourceVersionDate "2020.03.31"]
[SourceQuality "1"]

1. d4 Nf6 2. c4 e6 3. Nc3 Bb4 4. e3 0-0 5. Nge2 d5 6. cxd5 exd5 7. g3 Re8 8. Bg2 a5 9. 0-0 Na6 10. Kh1 c6 11. f3 c5 12. a3 cxd4 13. axb4 dxc3 14. Rxa5 c2 15. Qd2 b6 16. Ra3 Bb7 17. b5 Nc7 18. Nd4 Qd7 19. Qd3 Rec8 20. Rf2 Ne6 21. Rxa8 Rxa8 22. Rxc2 Nc5 23. Qe2 Ra1 24. Bf1 Ne8 25. b3 Nd6 26. Bb2 Ra8 27. Qd2 Re8 28. Rc1 f6 29. Rd1 Nf7 30. b4 Ne6 31. Nc6 Bxc6 32. bxc6 Qxc6 33. Qxd5 Qxd5 34. Rxd5 Rd8 35. Bc4 Rxd5 36. Bxd5 Nc7 37. Bc6 Kf8 38. Bd4 Nd8 39. Bxb6 Nxc6 40. Bxc7 Ke8 41. b5 Ne7 42. e4 Kd7 43. b6 Kc6 44. Kg2 Nc8 45. Kf2 Nxb6 46. Bxb6 Kxb6 47. Ke3 Kc6 48. Kd4 Kd6 49. h4 g6 50. f4 Ke6 51. Kc5 h6 52. Kc6 g5 53. Kc5 gxf4 54. gxf4 h5 55. Kc6 Ke7 56. f5 Ke8 57. Kd6 Kf7 58. Kd7 1-0

[Event "Sundsvall op"]
[Site "Sundsvall"]
[Date "2020.01.04"]
[Round "4"]
[White "Olsson, Peter"]
[Black "Sundin, Emanuel"]
[Result "1/2-1/2"]
[WhiteElo "2171"]
[BlackElo "2103"]
[PlyCount "79"]
[EventDate "2020.01.04"]
[EventType "swiss"]
[EventRounds "8"]
[EventCountry "SWE"]
[SourceTitle "CBM 194 Extra"]
[Source "ChessBase"]
[SourceDate "2020.03.31"]
[SourceVersion "1"]
[SourceVersionDate "2020.03.31"]
[SourceQuality "1"]

1. d4 d5 2. Bf4 Nf6 3. e3 e6 4. c3 Bd6 5. Bxd6 cxd6 6. Nf3 0-0 7. Nbd2 b6 8. Bd3 Bb7 9. Qb1 Nbd7 10. 0-0 h6 11. e4 dxe4 12. Nxe4 Nxe4 13. Bxe4 Bxe4 14. Qxe4 Nf6 15. Qe2 d5 16. Ne5 Qc7 17. Rae1 Rab8 18. f4 b5 19. Rf3 b4 20. g4 bxc3 21. bxc3 Ne4 22. Rc1 f6 23. Ng6 Rfc8 24. Kg2 Kf7 25. f5 exf5 26. gxf5 Re8 27. Qc2 Qc4 28. Nf4 Ng5 29. Rf2 Rb7 30. Re2 Rbe7 31. Rce1 Rxe2+ 32. Rxe2 Rxe2+ 33. Qxe2 Qxe2+ 34. Nxe2 Ne4 35. Kf3 g5 36. fxg6+ Kxg6 37. c4 Nd2+ 38. Kf2 Nxc4 39. Nf4+ Kf5 40. Nxd5 1/2-1/2

[Event "Wch Seniors 50 29th"]
[Site "Bucharest"]
[Date "2019.11.22"]
[Round "10"]
[White "Bonte, Arghir"]
[Black "Olsson, Peter"]
[Result "0-1"]
[WhiteElo "1917"]
[BlackElo "2144"]
[PlyCount "92"]
[EventDate "2019.11.12"]
[EventType "swiss"]
[EventRounds "11"]
[EventCountry "ROU"]
[SourceTitle "CBM 193 Extra"]
[Source "ChessBase"]
[SourceDate "2020.01.31"]
[SourceVersion "1"]
[SourceVersionDate "2020.01.31"]
[SourceQuality "1"]

1. Nf3 Nf6 2. g3 d5 3. d4 e6 4. c4 Bb4+ 5. Bd2 Be7 6. Nc3 0-0 7. Bg2 dxc4 8. Qa4 a6 9. Qxc4 b5 10. Qb3 Bb7 11. a3 Nc6 12. e3 Na5 13. Qc2 Nc4 14. Rd1 Ra7 15. 0-0 Qa8 16. Ne1 c5 17. dxc5 Bxc5 18. Bc1 Bxg2 19. Nxg2 Rc8 20. Qe2 Be7 21. Nb1 Rac7 22. f3 Na5 23. b4 Nb3 24. Bd2 Rc2 25. Qd3 Nxd2 26. Rxd2 R2c4 27. e4 h6 28. Rfd1 Qa7+ 29. Qe3 Qc7 30. Qf4 e5 31. Qe3 a5 32. Nh4 axb4 33. axb4 Bxb4 34. Kg2 Bxd2 35. Rxd2 Rc1 36. Qd3 Qc4 37. Na3 Qxd3 38. Rxd3 b4 39. Nb5 Rb8 40. Nd6 b3 41. f4 b2 42. fxe5 b1Q 43. Rf3 Nxe4 44. Nxf7 Ng5 45. Nxg5 hxg5 46. Nf5 g4 0-1

[Event "Wch Seniors 50 29th"]
[Site "Bucharest"]
[Date "2019.11.21"]
[Round "9"]
[White "Olsson, Peter"]
[Black "Smith, Peter R"]
[Result "1/2-1/2"]
[WhiteElo "2144"]
[BlackElo "2044"]
[PlyCount "49"]
[EventDate "2019.11.12"]
[EventType "swiss"]
[EventRounds "11"]
[EventCountry "ROU"]
[SourceTitle "CBM 193 Extra"]
[Source "ChessBase"]
[SourceDate "2020.01.31"]
[SourceVersion "1"]
[SourceVersionDate "2020.01.31"]
[SourceQuality "1"]

1. d4 Nf6 2. Nc3 d5 3. Bf4 e6 4. Nb5 Na6 5. a3 c6 6. Nc3 Bd6 7. Bg3 0-0 8. e3 c5 9. Nf3 Ne4 10. Nxe4 dxe4 11. Ne5 cxd4 12. Qxd4 Bxe5 13. Qxe5 Qd5 14. Rd1 Qxe5 15. Bxe5 f6 16. Bd6 Rd8 17. Bb5 Nb8 18. Ke2 Nc6 19. Bc7 Rd7 20. Bxc6 Rxc7 21. Bxe4 Bd7 22. c4 Ba4 23. Rc1 Rac8 24. Bd3 Bb3 25. Rc3 1/2-1/2

[Event "Wch Seniors 50 29th"]
[Site "Bucharest"]
[Date "2019.11.19"]
[Round "7"]
[White "Olsson, Peter"]
[Black "Psakhis, Lev"]
[Result "1/2-1/2"]
[WhiteElo "2144"]
[BlackElo "2461"]
[PlyCount "58"]
[EventDate "2019.11.12"]
[EventType "swiss"]
[EventRounds "11"]
[EventCountry "ROU"]
[SourceTitle "CBM 193 Extra"]
[Source "ChessBase"]
[SourceDate "2020.01.31"]
[SourceVersion "1"]
[SourceVersionDate "2020.01.31"]
[SourceQuality "1"]

1. d4 Nf6 2. Bf4 b6 3. e3 Bb7 4. Nd2 g6 5. Ngf3 Bg7 6. Bd3 d5 7. h4 c5 8. c3 Nc6 9. a3 e6 10. Ne5 Nd7 11. Nxd7 Qxd7 12. Nf3 f6 13. Bg3 c4 14. Bc2 Ne7 15. Qe2 b5 16. e4 dxe4 17. Bxe4 Bxe4 18. Qxe4 Qd5 19. Qe2 Kf7 20. 0-0 Bh6 21. Rfe1 Rhe8 22. Nd2 Bxd2 23. Qxd2 Nf5 24. Qf4 Re7 25. Bh2 Rg8 26. Qe4 a5 27. f3 a4 28. Kf2 h5 29. Qf4 Kg7 1/2-1/2

[Event "Wch Seniors 50 29th"]
[Site "Bucharest"]
[Date "2019.11.13"]
[Round "2"]
[White "Badea, Bela"]
[Black "Olsson, Peter"]
[Result "0-1"]
[WhiteElo "2420"]
[BlackElo "2144"]
[PlyCount "96"]
[EventDate "2019.11.12"]
[EventType "swiss"]
[EventRounds "11"]
[EventCountry "ROU"]
[SourceTitle "CBM 193 Extra"]
[Source "ChessBase"]
[SourceDate "2020.01.31"]
[SourceVersion "1"]
[SourceVersionDate "2020.01.31"]
[SourceQuality "1"]

1. Nf3 Nf6 2. g3 b6 3. Bg2 Bb7 4. 0-0 e6 5. c4 Be7 6. Nc3 0-0 7. d4 d5 8. Ne5 c6 9. a4 Na6 10. b3 c5 11. e3 Nb4 12. Na2 Rc8 13. Nxb4 cxb4 14. a5 bxa5 15. c5 Ba6 16. Re1 Bb5 17. Qc2 Qc7 18. Bb2 Bd8 19. f3 Qb7 20. e4 Bc7 21. Nd3 a4 22. bxa4 Bc4 23. e5 Ne8 24. f4 Rb8 25. Nf2 g6 26. Ng4 a5 27. h4 h5 28. Ne3 Ba6 29. g4 hxg4 30. h5 gxh5 31. f5 Bd8 32. f6 Nxf6 33. exf6 Bxf6 34. Qf2 Bg7 35. Qh4 f5 36. Nxd5 exd5 37. Re7 Qc6 38. Qg5 Qh6 39. Bxd5+ Kh7 40. Qxh6+ Kxh6 41. Rae1 Bc8 42. c6 b3 43. Re8 Ba6 44. R1e6+ Kg5 45. Rxb8 Rxb8 46. c7 Rc8 47. Re7 Bf6 48. Rd7 Re8 0-1

[Event "IECG WC.2013.P.00003 email"]
[Site "IECG email"]
[Date "2009.02.18"]
[Round "?"]
[White "Abbey, William"]
[Black "Olsson, Peter"]
[Result "1-0"]
[WhiteElo "1637"]
[BlackElo "1467"]
[PlyCount "59"]
[EventDate "2009.02.18"]
[EventType "tourn (corr)"]
[EventRounds "10"]
[SourceTitle "Corr 2024"]
[Source "ChessBase"]
[SourceDate "2023.10.19"]
[SourceVersion "1"]
[SourceVersionDate "2023.10.19"]
[SourceQuality "1"]

1. e4 e5 2. Nf3 Nc6 3. Bc4 Nf6 4. Ng5 Bc5 5. Bxf7+ Ke7 6. Bc4 Rf8 7. 0-0 h6 8. Nf3 Nxe4 9. Nc3 Nxc3 10. dxc3 d6 11. b4 Bb6 12. a4 a6 13. a5 Ba7 14. Bd5 Bg4 15. Qd3 Qe8 16. Qh7 Kf6 17. Nd2 Bf5 18. Ne4+ Bxe4 19. Qxe4 g5 20. Qh7 Rh8 21. Qxc7 Qe7 22. Qxe7+ Kxe7 23. Bd2 Rab8 24. c4 Nd4 25. Be3 Rh7 26. Rfe1 Nc6 27. Bxc6 Bxe3 28. Be4 Bxf2+ 29. Kxf2 Rf7+ 30. Ke3 1-0

[Event "IECG WC.2013.P.00003 email"]
[Site "IECG email"]
[Date "2009.02.18"]
[Round "?"]
[White "Sherwood, Russell"]
[Black "Olsson, Peter"]
[Result "1-0"]
[WhiteElo "1886"]
[BlackElo "1467"]
[PlyCount "43"]
[EventDate "2009.02.18"]
[EventType "tourn (corr)"]
[EventRounds "10"]
[SourceTitle "Corr 2024"]
[Source "ChessBase"]
[SourceDate "2023.10.19"]
[SourceVersion "1"]
[SourceVersionDate "2023.10.19"]
[SourceQuality "1"]

1. e4 e5 2. Nf3 Nc6 3. Bb5 Bc5 4. c3 f5 5. d4 fxe4 6. Bxc6 dxc6 7. Nxe5 Qd5 8. Qh5+ g6 9. Qe2 Bd6 10. 0-0 Bf5 11. Nc4 Nf6 12. Bg5 0-0 13. Ne3 Qe6 14. h3 Bxh3 15. Nd2 Rae8 16. gxh3 Qxh3 17. f3 exf3 18. Rxf3 Qh5 19. Qg2 Rxe3 20. Bxe3 Ng4 21. Rxf8+ Bxf8 22. Bf4 1-0

[Event "IECG CD.2008.0.00126 email"]
[Site "IECG email"]
[Date "2008.04.07"]
[Round "?"]
[White "Olsson, Peter"]
[Black "Champion, William"]
[Result "1-0"]
[WhiteElo "1423"]
[BlackElo "1468"]
[PlyCount "67"]
[EventDate "2008.04.07"]
[EventType "tourn (corr)"]
[EventRounds "5"]
[SourceTitle "Corr 2024"]
[Source "ChessBase"]
[SourceDate "2023.10.19"]
[SourceVersion "1"]
[SourceVersionDate "2023.10.19"]
[SourceQuality "1"]

1. d4 Nf6 2. Nf3 d5 3. c4 c6 4. Nc3 e6 5. Bg5 Nbd7 6. e3 Qa5 7. Nd2 Bb4 8. Qc2 0-0 9. Be2 e5 10. 0-0 Bxc3 11. bxc3 Ne4 12. Nxe4 dxe4 13. Be7 Re8 14. Bb4 Qc7 15. Qxe4 a5 16. Ba3 c5 17. d5 Nf6 18. Qh4 Ra6 19. e4 Rd6 20. f3 b6 21. Bc1 Nd7 22. Bd3 Nf8 23. Kh1 Qe7 24. Qxe7 Rxe7 25. Rb1 Rb7 26. Be3 Nd7 27. Rb2 f6 28. Rfb1 Kf7 29. Bc2 Ke7 30. Ba4 Kd8 31. Bxd7 Rdxd7 32. Rxb6 Rxb6 33. Rxb6 Rb7 34. Bxc5 1-0

[Event "IECG CD.2008.0.00126 email"]
[Site "IECG email"]
[Date "2008.04.07"]
[Round "?"]
[White "Olsson, Peter"]
[Black "Eide, John Henning"]
[Result "1/2-1/2"]
[WhiteElo "1423"]
[BlackElo "1518"]
[PlyCount "50"]
[EventDate "2008.04.07"]
[EventType "tourn (corr)"]
[EventRounds "5"]
[SourceTitle "Corr 2024"]
[Source "ChessBase"]
[SourceDate "2023.10.19"]
[SourceVersion "1"]
[SourceVersionDate "2023.10.19"]
[SourceQuality "1"]

1. d4 e6 2. e4 d5 3. Nc3 Nf6 4. e5 Nfd7 5. f4 c5 6. Nf3 Nc6 7. Be3 cxd4 8. Nxd4 Bc5 9. Qd2 Nxd4 10. Bxd4 Bxd4 11. Qxd4 Qb6 12. Qxb6 Nxb6 13. Nb5 Ke7 14. 0-0-0 Bd7 15. Nd4 Rhc8 16. Bd3 Kf8 17. f5 Kg8 18. Rde1 Na4 19. Rhf1 Nc5 20. Kb1 Nxd3 21. cxd3 exf5 22. Nxf5 Bxf5 23. Rxf5 Rc7 24. e6 fxe6 25. Rxe6 Rf8 1/2-1/2

[Event "IECG QD.2008.0.00105"]
[Site "IECG email"]
[Date "2008.02.09"]
[Round "?"]
[White "Robinson, Brian"]
[Black "Olsson, Peter"]
[Result "0-1"]
[WhiteElo "1550"]
[BlackElo "1431"]
[PlyCount "38"]
[EventDate "2008.02.09"]
[EventType "tourn (corr)"]
[EventRounds "6"]
[SourceTitle "Corr 2024"]
[Source "ChessBase"]
[SourceDate "2023.10.19"]
[SourceVersion "1"]
[SourceVersionDate "2023.10.19"]
[SourceQuality "1"]

1. d4 d5 2. Nf3 Nf6 3. e3 e6 4. Bd3 Bd6 5. Nbd2 Nbd7 6. 0-0 0-0 7. e4 dxe4 8. Nxe4 Nxe4 9. Bxe4 Nf6 10. Bd3 b6 11. Qe2 Bb7 12. Rd1 h6 13. b3 Qe7 14. Ne5 c5 15. Bb2 cxd4 16. Bxd4 Bc5 17. Bxc5 Qxc5 18. Re1 Qd5 19. Nf3 Qh5 0-1

[Event "IECG CP.2007.P.00060 email"]
[Site "IECG email"]
[Date "2007.10.01"]
[Round "?"]
[White "Jara, Julio Cesar"]
[Black "Olsson, Peter"]
[Result "1/2-1/2"]
[WhiteElo "929"]
[BlackElo "1436"]
[PlyCount "83"]
[EventDate "2007.10.01"]
[EventType "tourn (corr)"]
[EventRounds "6"]
[EventCountry "ARG"]
[SourceTitle "Corr 2024"]
[Source "ChessBase"]
[SourceDate "2023.10.19"]
[SourceVersion "1"]
[SourceVersionDate "2023.10.19"]
[SourceQuality "1"]

1. d4 d5 2. Nf3 Nf6 3. c4 c6 4. e3 e6 5. Bd3 Nbd7 6. Nc3 dxc4 7. Bxc4 b5 8. Be2 Bb7 9. 0-0 a6 10. e4 c5 11. e5 Nd5 12. Nxd5 Bxd5 13. Be3 Be7 14. dxc5 Nxc5 15. Rc1 Nd7 16. a4 Qb8 17. axb5 axb5 18. Qc2 0-0 19. Qc7 Rd8 20. Nd4 Bf8 21. Bg5 Qxc7 22. Rxc7 Nxe5 23. Bxd8 Rxd8 24. Nxb5 Rb8 25. f4 Ng6 26. g3 Ne7 27. Rfc1 g6 28. Kf2 h5 29. Bd3 Rd8 30. Nc3 Rb8 31. Nb5 Rb6 32. R1c2 Kg7 33. Nc3 Bb3 34. Rd2 Nd5 35. Rc8 Be7 36. Be4 Bb4 37. Bxd5 exd5 38. Rd3 Bxc3 39. Rcxc3 Bc4 40. Rd2 Kf6 41. Re3 Rb4 42. Re8 1/2-1/2

[Event "IECC CL4-2001.33"]
[Site "IECC email"]
[Date "2001.11.01"]
[Round "?"]
[White "Morganti, Lionello"]
[Black "Olsson, Peter"]
[Result "1/2-1/2"]
[WhiteElo "1680"]
[BlackElo "1695"]
[PlyCount "44"]
[EventDate "2001.??.??"]
[EventType "tourn (corr)"]
[EventRounds "4"]
[SourceTitle "Corr 2008"]
[Source "ChessBase"]
[SourceDate "2008.06.24"]
[SourceVersion "1"]
[SourceVersionDate "2008.06.24"]
[SourceQuality "1"]

1. e4 e6 2. d4 d5 3. Nd2 c5 4. exd5 Qxd5 5. Ngf3 cxd4 6. Bc4 Qd6 7. 0-0 Nf6 8. Nb3 Nc6 9. Nbxd4 Nxd4 10. Nxd4 a6 11. Re1 Qc7 12. Bb3 Bd6 13. h3 0-0 14. Bg5 b5 15. c3 Bb7 16. Bxf6 gxf6 17. Qh5 Kh8 18. Bc2 f5 19. Bd1 Rg8 20. Bf3 Rg7 21. Bxb7 Qxb7 22. Qf3 Qxf3 1/2-1/2

[Event "IECC CL4-2001.33"]
[Site "IECC email"]
[Date "2001.11.01"]
[Round "?"]
[White "Olsson, Peter"]
[Black "Carothers, Charles"]
[Result "1/2-1/2"]
[WhiteElo "1701"]
[BlackElo "1689"]
[PlyCount "69"]
[EventDate "2001.??.??"]
[EventType "tourn (corr)"]
[EventRounds "4"]
[SourceTitle "Corr 2008"]
[Source "ChessBase"]
[SourceDate "2008.06.24"]
[SourceVersion "1"]
[SourceVersionDate "2008.06.24"]
[SourceQuality "1"]

1. d4 d5 2. c4 e6 3. Nc3 c5 4. cxd5 cxd4 5. Qa4+ Bd7 6. Qxd4 exd5 7. Qxd5 Nc6 8. Nf3 Nf6 9. Qd1 Bc5 10. e3 Qe7 11. Be2 0-0 12. 0-0 Rfd8 13. a3 Ne5 14. Nxe5 Qxe5 15. Bd2 Bc6 16. Qc1 Rac8 17. f4 Qe6 18. Kh1 Ne4 19. Nxe4 Bxe4 20. Bc3 Bxe3 21. Qe1 Bd4 22. Bf3 Bxc3 23. bxc3 Bxf3 24. Rxf3 Qd6 25. h3 a6 26. a4 Qf6 27. Qe3 Re8 28. Qc1 b6 29. Rb1 Re4 30. Qb2 Rxf4 31. Rxf4 Qxf4 32. Qxb6 Qxa4 33. Qb7 Qc4 34. Ra1 Qxc3 35. Qxa6 1/2-1/2

[Event "IECC TH-T email"]
[Site "IECC email"]
[Date "2001.10.15"]
[Round "?"]
[White "Kern, Michael"]
[Black "Olsson, Peter"]
[Result "0-1"]
[WhiteElo "1719"]
[BlackElo "1670"]
[PlyCount "26"]
[EventDate "2001.??.??"]
[EventType "match (corr)"]
[EventRounds "2"]
[SourceTitle "Corr 2008"]
[Source "ChessBase"]
[SourceDate "2008.06.24"]
[SourceVersion "1"]
[SourceVersionDate "2008.06.24"]
[SourceQuality "1"]

1. e4 e6 2. d4 d5 3. Nc3 Bb4 4. a3 Bxc3+ 5. bxc3 dxe4 6. f3 c5 7. Bb5+ Bd7 8. Rb1 Qa5 9. Bxd7+ Nxd7 10. Bd2 Ngf6 11. Qe2 e3 12. Qxe3 0-0 13. Rxb7 Rab8 0-1

[Event "IECC Swiss email"]
[Site "IECC email"]
[Date "2001.06.07"]
[Round "?"]
[White "Olsson, Peter"]
[Black "McDonald, Graham R"]
[Result "0-1"]
[WhiteElo "1712"]
[BlackElo "1799"]
[PlyCount "92"]
[EventDate "2001.??.??"]
[EventType "tourn (corr)"]
[EventRounds "6"]
[SourceTitle "Corr 2008"]
[Source "ChessBase"]
[SourceDate "2008.06.24"]
[SourceVersion "1"]
[SourceVersionDate "2008.06.24"]
[SourceQuality "1"]

1. d4 d5 2. c4 e6 3. Nc3 c6 4. e4 dxe4 5. Nxe4 Bb4+ 6. Bd2 Qxd4 7. Bxb4 Qxe4+ 8. Be2 c5 9. Bxc5 Qxg2 10. Qd2 Qxh1 11. 0-0-0 Nd7 12. Nf3 Qg2 13. Ba3 Qxf2 14. Ne5 Qxh2 15. Ng4 Qh4 16. Qb4 Ne7 17. Bf3 0-0 18. Qxe7 Qxe7 19. Bxe7 Re8 20. Bh4 Nb6 21. b3 f6 22. Ne3 a5 23. Rd6 Ra6 24. Nc2 Nd7 25. Rd1 Ne5 26. Be2 a4 27. b4 Nf7 28. c5 Ra8 29. b5 Rd8 30. c6 Rxd1+ 31. Kxd1 bxc6 32. bxc6 e5 33. Bc4 Kf8 34. Bf2 h5 35. Nb4 g5 36. Bc5+ Kg7 37. Nd5 h4 38. Ne7 h3 39. Bd5 Ra5 40. Bg1 Kf8 41. Nxc8 Rxd5+ 42. Ke2 Rb5 43. Na7 h2 44. Bxh2 Rb2+ 45. Kd3 Rxh2 46. c7 Nd6 0-1

[Event "IECC Swiss email"]
[Site "IECC email"]
[Date "2000.08.06"]
[Round "?"]
[White "Komperda, Robert"]
[Black "Olsson, Peter"]
[Result "1-0"]
[WhiteElo "1810"]
[BlackElo "1706"]
[PlyCount "97"]
[EventDate "2000.??.??"]
[EventType "tourn (corr)"]
[EventRounds "6"]
[SourceTitle "Corr 2008"]
[Source "ChessBase"]
[SourceDate "2008.06.24"]
[SourceVersion "1"]
[SourceVersionDate "2008.06.24"]
[SourceQuality "1"]

1. d4 d5 2. c4 e6 3. Nf3 c6 4. e3 Nf6 5. Nc3 Nbd7 6. Bd3 dxc4 7. Bxc4 b5 8. Be2 b4 9. Na4 Bb7 10. b3 Be7 11. Bb2 0-0 12. Rc1 Qa5 13. Nd2 c5 14. Nc4 Qc7 15. 0-0 Rfd8 16. Bf3 Rac8 17. Bxb7 Qxb7 18. Qe2 cxd4 19. Bxd4 Qa6 20. Qb2 Rc7 21. Ne5 Rdc8 22. Rxc7 Rxc7 23. Nxd7 Rxd7 24. Rc1 Rd8 25. h3 Ne8 26. Qc2 h6 27. Qc6 Qxc6 28. Rxc6 e5 29. Bc5 Kf8 30. Ra6 Rd1+ 31. Kh2 Rd2 32. Rxa7 Bxc5 33. Nxc5 Rxf2 34. Nd7+ Ke7 35. Nxe5+ Kf8 36. Kg3 Rf5 37. Nd3 Nd6 38. Nxb4 Ne4+ 39. Kh2 Nd2 40. Nc6 g6 41. b4 Nf1+ 42. Kg1 Nxe3 43. a4 h5 44. b5 h4 45. b6 Rf1+ 46. Kh2 Nf5 47. b7 Ng3 48. b8Q+ Kg7 49. Qxg3 1-0

[Event "IECC Swiss email"]
[Site "IECC email"]
[Date "2000.06.14"]
[Round "?"]
[White "Olsson, Peter"]
[Black "Wong, Yam Kong"]
[Result "0-1"]
[WhiteElo "1695"]
[BlackElo "1744"]
[PlyCount "96"]
[EventDate "2000.??.??"]
[EventType "tourn (corr)"]
[EventRounds "6"]
[SourceTitle "Corr 2008"]
[Source "ChessBase"]
[SourceDate "2008.06.24"]
[SourceVersion "1"]
[SourceVersionDate "2008.06.24"]
[SourceQuality "1"]

1. d4 d5 2. c4 e6 3. Nc3 Nf6 4. Nf3 Nbd7 5. e3 Be7 6. Qc2 c6 7. Bd3 0-0 8. e4 dxe4 9. Nxe4 Nxe4 10. Bxe4 f5 11. Bd3 c5 12. d5 exd5 13. cxd5 Nb6 14. Bc4 Bd6 15. 0-0 Nxc4 16. Qxc4 Bd7 17. Bg5 Qc7 18. Rfe1 f4 19. Be7 b5 20. Qc3 Rfe8 21. Bxd6 Qxd6 22. Re5 b4 23. Qe1 Rxe5 24. Qxe5 Qxe5 25. Nxe5 Bb5 26. Rc1 Rc8 27. b3 Kf8 28. d6 Ke8 29. Re1 Kf8 30. Re4 g5 31. h4 h6 32. Ng4 c4 33. d7 Bxd7 34. Ne5 Bf5 35. Rxc4 Rxc4 36. Nxc4 Ke7 37. hxg5 hxg5 38. f3 Ke6 39. Kf2 Bd3 40. Na5 Kd5 41. Nb7 Bb1 42. Nd8 Bxa2 43. Nf7 Bxb3 44. Nxg5 Bc4 45. Ne4 a5 46. Nd2 a4 47. g4 fxg3+ 48. Kxg3 a3 0-1

[Event "IECC Swiss email"]
[Site "IECC email"]
[Date "2000.02.16"]
[Round "?"]
[White "Hernandez, Juan Eduardo"]
[Black "Olsson, Peter"]
[Result "1-0"]
[WhiteElo "2195"]
[BlackElo "1643"]
[PlyCount "79"]
[EventDate "2000.??.??"]
[EventType "tourn (corr)"]
[EventRounds "6"]
[SourceTitle "Corr 2008"]
[Source "ChessBase"]
[SourceDate "2008.06.24"]
[SourceVersion "1"]
[SourceVersionDate "2008.06.24"]
[SourceQuality "1"]

1. e4 e6 2. d4 d5 3. Nd2 Nf6 4. e5 Nfd7 5. f4 c5 6. c3 Nc6 7. Ndf3 Qb6 8. g3 cxd4 9. cxd4 Bb4+ 10. Kf2 f6 11. Kg2 g5 12. exf6 Nxf6 13. fxg5 Ne4 14. Bf4 e5 15. Bxe5 Nxe5 16. Nxe5 0-0 17. Nef3 Bg4 18. Be2 Bd2 19. Qb3 Qxd4 20. Rf1 Qc5 21. Bd3 Bf5 22. Nh4 Bg6 23. Ngf3 Rae8 24. Qb5 Be3 25. Nxg6 hxg6 26. Re1 Re7 27. Qxc5 Bxc5 28. Rhf1 Bb4 29. Rd1 Kg7 30. Bxe4 dxe4 31. Nd4 Bc5 32. Rxf8 Kxf8 33. Kf2 Re5 34. h4 Rf5+ 35. Ke3 Bxd4+ 36. Rxd4 Rf3+ 37. Kxe4 Rxg3 38. Ke5 Ke7 39. Rc4 Re3+ 40. Kf4 1-0

[Event "IECC KO email"]
[Site "IECC email"]
[Date "2000.02.10"]
[Round "?"]
[White "Chabot, Cedric"]
[Black "Olsson, Peter"]
[Result "1-0"]
[WhiteElo "1821"]
[BlackElo "1682"]
[PlyCount "83"]
[EventDate "2000.??.??"]
[EventType "tourn (corr)"]
[EventRounds "6"]
[SourceTitle "Corr 2008"]
[Source "ChessBase"]
[SourceDate "2008.06.24"]
[SourceVersion "1"]
[SourceVersionDate "2008.06.24"]
[SourceQuality "1"]

1. d4 d5 2. c4 e6 3. cxd5 exd5 4. Nc3 Nf6 5. Bg5 c6 6. e3 Nbd7 7. Bd3 Bd6 8. Qc2 Nf8 9. Nf3 Ng6 10. 0-0-0 Qa5 11. Bxf6 gxf6 12. h3 Be6 13. Nd2 0-0-0 14. Nb3 Qc7 15. Kb1 Kb8 16. Rc1 Ne7 17. Qe2 Qd7 18. Qf3 f5 19. Ne2 h5 20. Nc5 Qc7 21. Nf4 Bxc5 22. Rxc5 h4 23. Rhc1 b6 24. R5c3 Qd6 25. Bf1 Rc8 26. Nd3 Ng6 27. a3 a5 28. b4 axb4 29. Nxb4 Ne7 30. Qd1 Kc7 31. Bb5 Bd7 32. Qc2 Kd8 33. Bxc6 Bxc6 34. Nxc6+ Nxc6 35. Rxc6 Rxc6 36. Qxc6 Ke7 37. Qb7+ Kf8 38. Rc8+ Kg7 39. Rxh8 Kxh8 40. Kb2 Qe6 41. Qc7 Kg7 42. Qe5+ 1-0

[Event "IECC CL4-2000.09"]
[Site "IECC email"]
[Date "2000.01.11"]
[Round "?"]
[White "Bolduc, Michel"]
[Black "Olsson, Peter"]
[Result "0-1"]
[WhiteElo "1687"]
[BlackElo "1706"]
[PlyCount "28"]
[EventDate "2000.??.??"]
[EventType "tourn (corr)"]
[EventRounds "4"]
[SourceTitle "Corr 2008"]
[Source "ChessBase"]
[SourceDate "2008.06.24"]
[SourceVersion "1"]
[SourceVersionDate "2008.06.24"]
[SourceQuality "1"]

1. d4 d5 2. c4 e6 3. Nc3 c6 4. Nf3 dxc4 5. a4 Bb4 6. e3 b5 7. Bd2 a5 8. axb5 Bxc3 9. Bxc3 cxb5 10. d5 Nf6 11. dxe6 Qxd1+ 12. Rxd1 Bxe6 13. Ne5 Ne4 14. Bxc4 bxc4 0-1